Quiz sur le haut Moyen-Age - Statistiques

Statistiques générales
  • Ce quiz a été pris 101 fois
  • Le résultat moyen est 9 sur 22
Statistiques - réponses
Question Réponse % Correct
Ancêtre mythique de Clovis donnant son nom à la dynastie des mérovingiens Mérovée
76%
Ville où Charles Martel repousse les arabes en 732, ce qui lui permet de reprendre une influence sur l'Aquitaine Poitiers
76%
Capitale de l'empire très centralisé de Charlemagne Aix-la-Chapelle | aix la chapelle
74%
Peuple fondant le royaume d'Aquitaine avec un traité d'hospitalité de l'Empire romain d'Occident Wisigoths
70%
Fils de ce dernier arrivant au pouvoir 5 ans après la mort de son père, obtenant le titre de duc et de prince des francs Charles Martel
56%
Peuple implanté en Italie lors de la chute de l'Empire Ostrogoths
55%
Loi traditionnelle selon laquelle Charlemagne départage son empire entre ses fils salique | loi salique
50%
Peuple prenant l'Italie à la réponse précédente sous l'impulsion de l'empereur d'Orient Justinien Lombards
44%
Seul fils prétendant au trône à la mort de Charlemagne Louis I | Louis 1 | Louis le Pieux
44%
Branche du christianisme en laquelle la plupart des habitants du royaume franc croit Arianisme
39%
Légende construite sur le récit du massacre de l'arrière garde de Charlemagne en Catalogne chanson de Rolland | Rolland
38%
Femme de Sigebert, fils de Clotaire Brunehaut
37%
Nom du partage de l'empire entre les 3 fils de ce dernier Partage de Verdun | Verdun
34%
Frère de Pépin II, fils de Charles Martel, probablement écarté du pouvoir en étant envoyé dans un monastère Carloman
33%
Femme de Chilpéric, frère de Sigebert Frédégonde
32%
Grande famille de maire du palais Pippinides
32%
Ville où Clovis bat le roi Wisigoths Alaric ce qui lui permet de récupérer le royaume d'Aquitaine Vouillé
23%
Maire du palais ayant conquis la Neustrie et dirigeant le monde franc jusqu'en 714 Pépin II
21%
Royaume conquis par Clovis en 486 avec la prise de Soisson Syagrius
15%
Clan sortant vainqueur de la faide royale entre les fils de Clotaire en 613 Chilpéric
13%
Convertisseur des Goths de l'empire romain au christianisme Ulfila
11%
Assemblée réunissant le roi et les grandes familles aristocratiques pour prendre des décisions politiques Plaid
6%
Aucun quiz correspondant
Distribution des résultats
% des personnes avec chaque résultat
Percentile par nombre de réponses
Votre historique - résultats
Vous n’avez pas pris ce quiz